00479nam a22001577a 450000500170000000800410001702000170005804100130007508200160008810000380010424500470014225000190018926000570020830000300026565000260029520231129070209.0231129b |||||||| |||| 00| 0 eng d a040902998 X  aEnglish  a340.07 TUN  aTunkel, V and Horak ADWlEnglish  aLegal Research / cV Tunkel and ADW Horak  aFirst Edition  aDurban : bButterworth Publishers (Pty) Ltd, c1997  bxii, 77 pages ; c25 cm.  aLegal practice bLaw